000 00502pab a2200181 454500
008 180718b2018 xxu||||| |||| 00| 0 eng d
245 _aSpecial issue on state capacity, elections and the resilience of authoritarian rule
260 _c2018
300 _ap.3-159.
362 _aJan
650 _aState capacity
650 _aResilience
650 _aDemocratisation
650 _aAuthoritarianism
650 _aElections
773 _aInternational Political Science Review
909 _a116907
999 _c116901
_d116901